[Event "?"]
[Site "ICC 1 1 04/24/98, Internet Ch"]
[Date "1998.??.??"]
[Round "?"]
[White "Brause"]
[Black "MarvinMartian"]
[Result "1-0"]
[WhiteElo "2480"]
[BlackElo "2305"]
[PlyCount "95"]

1. e4 e5 2. Nf3 Nc6 3. Nc3 Nf6 4. Nxe5 Nxe5 5. d4 Ng6 6. e5 Ng8 7. Bc4 Bb4 8.
Qf3 Qe7 9. O-O Bxc3 10. bxc3 Nh6 11. g3 O-O 12. Qh5 c6 13. Bxh6 gxh6 14. f4 d5
15. Bd3 f5 16. Qxh6 Qg7 17. Qxg7+ Kxg7 18. c4 Be6 19. cxd5 cxd5 20. Rab1 b6 21.
a4 Rab8 22. Rb5 Rfc8 23. Rfb1 Ne7 24. a5 Rc6 25. axb6 Rcxb6 26. Rxb6 Rxb6 27.
Rxb6 axb6 28. Be2 Nc6 29. c3 Na5 30. g4 fxg4 31. Bd3 h5 32. f5 Bd7 33. Kf2 Nc4
34. Bxc4 dxc4 35. f6+ Kg6 36. d5 Be8 37. Ke3 Kf5 38. d6 Ke6 39. Kf4 Bg6 40. Kg5
Bf7 41. Kf4 Kd7 42. Kf5 Be6+ 43. Kg6 Ke8 44. Kg5 Kf7 45. Kf4 Kg6 46. Ke4 Kg5
47. f7 Bxf7 48. d7 1-0

[Event "?"]
[Site "ICC 1 1 04/24/98, Internet Ch"]
[Date "1998.??.??"]
[Round "?"]
[White "Brause"]
[Black "MarvinMartian"]
[Result "1-0"]
[WhiteElo "2500"]
[BlackElo "2290"]
[PlyCount "45"]

1. e4 e5 2. Nf3 Nc6 3. Nc3 Nf6 4. Nxe5 Nxe5 5. d4 Ng6 6. e5 Ng8 7. Bc4 Bb4 8.
Qf3 Bxc3+ 9. bxc3 Qe7 10. O-O Nh6 11. g3 O-O 12. Qh5 c6 13. Bxh6 gxh6 14. Qxh6
d5 15. exd6 Qxd6 16. Bd3 Bh3 17. Qxh3 b6 18. Be4 Rae8 19. Rfe1 Re6 20. Re3 Rfe8
21. Rae1 Qe7 22. Bxc6 Rxe3 23. Rxe3 1-0

[Event "?"]
[Site "ICC 1 1 04/24/98, Internet Ch"]
[Date "1998.??.??"]
[Round "?"]
[White "Brause"]
[Black "MarvinMartian"]
[Result "1/2-1/2"]
[WhiteElo "2510"]
[BlackElo "2275"]
[PlyCount "63"]

1. e4 e5 2. Nf3 Nc6 3. Nc3 Nf6 4. Nxe5 Nxe5 5. d4 Ng6 6. e5 Ng8 7. Bc4 Bb4 8.
Qf3 Qe7 9. O-O Bxc3 10. bxc3 Nh6 11. g3 O-O 12. Bxh6 gxh6 13. Qe2 c6 14. Rae1
d5 15. exd6 Qxd6 16. Qh5 Bd7 17. Re3 Rae8 18. Bd3 Rxe3 19. fxe3 Be6 20. a4 Qd5
21. Qxh6 Qa5 22. Rb1 b6 23. Rb4 Qd5 24. Rb1 Qf3 25. c4 Qg4 26. a5 Rb8 27. c5 b5
28. Rf1 Qh3 29. Qg5 Qg4 30. Qh6 Qh3 31. Qg5 Qg4 32. Qh6 1/2-1/2

[Event "?"]
[Site "ICC 1 1 04/24/98, Internet Ch"]
[Date "1998.??.??"]
[Round "?"]
[White "Brause"]
[Black "MarvinMartian"]
[Result "1-0"]
[WhiteElo "2510"]
[BlackElo "2275"]
[PlyCount "69"]

1. e4 e5 2. Nf3 Nc6 3. Nc3 Nf6 4. Nxe5 Nxe5 5. d4 Ng6 6. e5 Ng8 7. Bc4 Bb4 8.
Qf3 Bxc3+ 9. bxc3 Qe7 10. O-O Nh6 11. g3 c6 12. a4 O-O 13. Ba3 Qd8 14. Bxf8
Qxf8 15. Rab1 d5 16. exd6 Qxd6 17. Rfe1 Kf8 18. Qe2 Qe7 19. Qxe7+ Nxe7 20. Re2
b6 21. Rbe1 Be6 22. Bxe6 fxe6 23. Rxe6 Re8 24. c4 Nhg8 25. d5 cxd5 26. cxd5 Rd8
27. c4 Rd7 28. a5 bxa5 29. d6 Nc6 30. c5 Nf6 31. R1e3 Kf7 32. f4 Nd4 33. Re7+
Kg6 34. h3 h5 35. g4 1-0

[Event "?"]
[Site "ICC 1 1 04/24/98, Internet Ch"]
[Date "1998.??.??"]
[Round "?"]
[White "Brause"]
[Black "MarvinMartian"]
[Result "1-0"]
[WhiteElo "2515"]
[BlackElo "2260"]
[PlyCount "103"]

1. e4 e5 2. Nf3 Nc6 3. Nc3 Nf6 4. Nxe5 Nxe5 5. d4 Ng6 6. e5 Ng8 7. Bc4 c6 8.
Qf3 d5 9. exd6 Be6 10. Bxe6 fxe6 11. Ne4 Nf6 12. Bg5 Qa5+ 13. Bd2 Qf5 14. Qxf5
exf5 15. Nxf6+ gxf6 16. d7+ Kxd7 17. O-O-O Bd6 18. g3 Rhe8 19. Bc3 Ne7 20. Ba5
b6 21. Be1 b5 22. Ba5 Nd5 23. Rhe1 Re4 24. f3 Rxe1 25. Rxe1 Re8 26. Rxe8 Kxe8
27. Kd2 Kd7 28. b3 Bb4+ 29. Bxb4 Nxb4 30. a3 Nd5 31. c4 Nb6 32. Kd3 Ke6 33. c5
Nd5 34. a4 a6 35. h3 f4 36. g4 f5 37. axb5 axb5 38. g5 Ne7 39. h4 Kd5 40. b4
Ke6 41. Kc3 Nd5+ 42. Kb3 Ne3 43. h5 Kf7 44. Kc3 Ng2 45. d5 cxd5 46. g6+ hxg6
47. hxg6+ Kxg6 48. c6 Kf6 49. c7 d4+ 50. Kb3 Ne3 51. c8=Q d3 52. Qc3+ 1-0

[Event "?"]
[Site "ICC 1 1 04/24/98, Internet Ch"]
[Date "1998.??.??"]
[Round "?"]
[White "Brause"]
[Black "MarvinMartian"]
[Result "1/2-1/2"]
[WhiteElo "2530"]
[BlackElo "2245"]
[PlyCount "79"]

1. e4 e5 2. Nf3 Nc6 3. Nc3 Nf6 4. Nxe5 Nxe5 5. d4 Ng6 6. e5 Ng8 7. Bc4 c6 8.
Qf3 d5 9. exd6 Be6 10. Bxe6 fxe6 11. Ne4 Nf6 12. Bg5 Qa5+ 13. Bd2 Qf5 14. Qxf5
exf5 15. Nxf6+ gxf6 16. d7+ Kxd7 17. O-O-O Bd6 18. g3 Rhe8 19. Bc3 Ne7 20. Ba5
b5 21. Rhf1 Nd5 22. Rfe1 Rxe1 23. Rxe1 Re8 24. Rxe8 Kxe8 25. Bd2 Ke7 26. f4 Nb6
27. b3 Ke6 28. Kd1 Kd5 29. c3 c5 30. Be3 cxd4 31. Bxd4 Be7 32. Ke2 Nc8 33. Kd3
a6 34. c4+ bxc4+ 35. bxc4+ Kc6 36. Bc3 Nd6 37. Bb4 Nc8 38. Bc3 Nd6 39. Bb4 Nc8
40. Bc3 1/2-1/2

[Event "?"]
[Site "ICC 1 1 04/24/98, Internet Ch"]
[Date "1998.??.??"]
[Round "?"]
[White "Brause"]
[Black "MarvinMartian"]
[Result "1-0"]
[WhiteElo "2525"]
[BlackElo "2250"]
[PlyCount "95"]

1. e4 e5 2. Nf3 Nc6 3. Nc3 Nf6 4. Nxe5 Nxe5 5. d4 Ng6 6. e5 Ng8 7. Bc4 c6 8.
Qf3 d5 9. exd6 Be6 10. Bxe6 fxe6 11. Ne4 Nf6 12. Bg5 Qa5+ 13. Bd2 Qf5 14. Qxf5
exf5 15. Nxf6+ gxf6 16. d7+ Kxd7 17. O-O-O Bd6 18. g3 Rae8 19. d5 c5 20. Rde1
Re4 21. Rxe4 fxe4 22. Re1 Re8 23. b3 Ne5 24. Rxe4 Nf3 25. Rxe8 Kxe8 26. c4 Nxh2
27. Kd1 Nf3 28. Bc3 Kf7 29. Ke2 Be5 30. Bxe5 Nxe5 31. Ke3 Ke7 32. Ke4 Kd6 33.
f4 Ng4 34. Kf5 Ne3+ 35. Kxf6 b5 36. cxb5 Kxd5 37. a4 Nc2 38. a5 Nd4 39. b6 Kc6
40. bxa7 Kb7 41. f5 Nxb3 42. Kg5 c4 43. f6 c3 44. f7 c2 45. a8=Q+ Kxa8 46.
f8=Q+ Kb7 47. Qb4+ Ka6 48. Qb6# 1-0

[Event "?"]
[Site "ICC 1 1 04/24/98, Internet Ch"]
[Date "1998.??.??"]
[Round "?"]
[White "Brause"]
[Black "MarvinMartian"]
[Result "1-0"]
[WhiteElo "2500"]
[BlackElo "2275"]
[PlyCount "61"]

1. e4 e5 2. Nf3 Nc6 3. Nc3 Nf6 4. Nxe5 Nxe5 5. d4 Ng6 6. e5 Ng8 7. Bc4 c6 8.
Qf3 d5 9. exd6 Be6 10. Bxe6 fxe6 11. Ne4 Nf6 12. Bg5 Qa5+ 13. Bd2 Qf5 14. Qxf5
exf5 15. Nxf6+ gxf6 16. d7+ Kxd7 17. O-O-O Bd6 18. Bh6 Rhe8 19. d5 cxd5 20.
Rxd5 Ne7 21. Rd3 Kc6 22. Rhd1 Rad8 23. h3 Bc7 24. Rc3+ Kb6 25. Be3+ Ka6 26.
Rxc7 Nd5 27. Rxh7 Nxe3 28. Rxd8 Rxd8 29. fxe3 Re8 30. Rf7 Re6 31. h4 1-0

[Event "?"]
[Site "ICC 1 1 04/24/98, Internet Ch"]
[Date "1998.??.??"]
[Round "?"]
[White "Brause"]
[Black "MarvinMartian"]
[Result "1-0"]
[WhiteElo "2515"]
[BlackElo "2260"]
[PlyCount "109"]

1. e4 e5 2. Nf3 Nc6 3. Nc3 Nf6 4. Nxe5 Nxe5 5. d4 Ng6 6. e5 Ng8 7. Bc4 Bb4 8.
Qf3 Bxc3+ 9. bxc3 Qe7 10. O-O Nh6 11. g3 O-O 12. Bxh6 gxh6 13. Rab1 Rb8 14. Rb5
c6 15. Ra5 a6 16. Rb1 b5 17. Bb3 d5 18. exd6 Qxd6 19. Qe3 Bb7 20. Ra1 Kg7 21.
a4 Rbe8 22. Qd3 Re7 23. axb5 cxb5 24. c4 bxc4 25. Bxc4 Be4 26. Qc3 Qd7 27. d5+
Kg8 28. f3 Bf5 29. g4 Bxg4 30. Rxa6 Bh3 31. Kh1 Qe8 32. R6a3 Nf4 33. Rg1+ Ng6
34. Rga1 Qc8 35. Rg1 Qf5 36. d6 Re5 37. Qd3 Qxd3 38. Rxd3 Rd8 39. Rd4 Kf8 40.
Bd3 Be6 41. c4 Kg7 42. Rg3 Rc5 43. f4 Kf8 44. Kg1 Nh4 45. Kf2 Nf5 46. Bxf5 Bxf5
47. Rc3 Be6 48. Ke3 Kg7 49. Rc1 Kf6 50. Kd3 Bf5+ 51. Kc3 Ke6 52. Re1+ Kd7 53.
Re7+ Kc6 54. Rc7+ Kb6 55. Rxc5 1-0

[Event "?"]
[Site "ICC 1 1 04/24/98, Internet Ch"]
[Date "1998.??.??"]
[Round "?"]
[White "Brause"]
[Black "MarvinMartian"]
[Result "1-0"]
[WhiteElo "2535"]
[BlackElo "2185"]
[PlyCount "57"]

1. e4 e5 2. Nf3 Nc6 3. Nc3 Nf6 4. Nxe5 Nxe5 5. d4 Ng6 6. e5 Ng8 7. Bc4 Bb4 8.
Qf3 Bxc3+ 9. bxc3 Qe7 10. O-O Nh6 11. g3 O-O 12. Qh5 d5 13. Bxd5 c6 14. Bf3 Be6
15. a4 Rfd8 16. Bg5 Qd7 17. Bxd8 Rxd8 18. Be4 Bg4 19. Qg5 Bh3 20. Rfe1 Nf5 21.
e6 fxe6 22. Qh5 Ngh4 23. Bxf5 Bxf5 24. Qxh4 Rf8 25. Re2 Qd5 26. Rae1 h6 27. g4
Bg6 28. Rxe6 Qf3 29. Rxg6 1-0

[Event "?"]
[Site "ICC 1 0 01/29/98, Internet Ch"]
[Date "1998.??.??"]
[Round "?"]
[White "Brause"]
[Black "acim"]
[Result "1-0"]
[WhiteElo "2520"]
[BlackElo "2740"]
[PlyCount "29"]

1. e4 e5 2. Nf3 Nc6 3. Nc3 Nf6 4. Nxe5 Nxe5 5. d4 Nc6 6. d5 Ne5 7. f4 Ng6 8. e5
Ng8 9. d6 cxd6 10. exd6 Qb6 11. Qe2+ Kd8 12. f5 Nh4 13. Qg4 Nxg2+ 14. Bxg2 Bxd6
15. Qxg7 1-0

[Event "?"]
[Site "ICC 1 0 02/19/98, Internet Ch"]
[Date "1998.??.??"]
[Round "?"]
[White "Brause"]
[Black "YucoII"]
[Result "1-0"]
[WhiteElo "2555"]
[BlackElo "2280"]
[PlyCount "151"]

1. e4 e5 2. Nf3 Nc6 3. Nc3 Nf6 4. Nxe5 Nxe5 5. d4 Ng6 6. e5 Ng8 7. Bc4 Bb4 8.
Qf3 Bxc3+ 9. bxc3 f6 10. O-O Qe7 11. exf6 Qxf6 12. Qh5 N8e7 13. Bg5 Qd6 14.
Rfe1 Kd8 15. Bf7 c6 16. Bxg6 Qxg6 17. Qxg6 hxg6 18. Rxe7 Rh5 19. Re5+ Kc7 20.
Bf4 Kb6 21. Re7 g5 22. Rb1+ Ka6 23. Be3 g6 24. g4 Rh3 25. Kg2 Rh4 26. h3 Rh8
27. Rg7 Re8 28. Rxg6 d5 29. Rxg5 Be6 30. Rg7 b5 31. a4 bxa4 32. Rbb7 Bc8 33.
Rbc7 Kb6 34. c4 a5 35. cxd5 cxd5 36. c4 dxc4 37. Rxc4 Kb5 38. Rc5+ Kb4 39. Bd2+
Kb3 40. Rgc7 a3 41. Rc3+ Ka4 42. Bc1 a2 43. Ra3+ Kb5 44. Rc5+ Kb4 45. Rxa2 Ba6
46. Kg3 Bd3 47. Bd2+ Kb3 48. Raxa5 Rxa5 49. Bxa5 Bc4 50. Bc7 Re2 51. f3 Bd3 52.
Rc6 Re1 53. Be5 Rg1+ 54. Kf4 Rh1 55. d5 Kb4 56. d6 Rxh3 57. Rb6+ Kc5 58. d7
Kxb6 59. d8=Q+ Kc6 60. Qxd3 Rh1 61. Qc4+ Kb6 62. Kg5 Rh3 63. Qf1 Rxf3 64. Qxf3
Kc5 65. Qb7 Kc4 66. Qb5+ Kxb5 67. Kf5 Kc6 68. g5 Kd7 69. g6 Ke7 70. g7 Kf7 71.
Bd4 Kg8 72. Ke6 Kh7 73. Kf7 Kh6 74. g8=Q Kh5 75. Qg3 Kh6 76. Qg6# 1-0

[Event "?"]
[Site "ICC 1 20 03/10/98, Internet C"]
[Date "1998.??.??"]
[Round "?"]
[White "Brause"]
[Black "WienerPartie"]
[Result "0-1"]
[WhiteElo "2645"]
[BlackElo "2535"]
[PlyCount "68"]

1. Nc3 Nf6 2. e4 e5 3. Nf3 Nc6 4. Nxe5 Nxe5 5. d4 Ng6 6. e5 Be7 7. exf6 Bxf6 8.
Be3 d5 9. Qh5 c6 10. O-O-O O-O 11. Bd3 Re8 12. Rhe1 Be6 13. f4 Bd7 14. Kb1 Qb6
15. Bf1 Nh4 16. Na4 Qc7 17. Nc5 Bf5 18. Qe2 b6 19. Nb3 a5 20. g3 a4 21. Nc1 a3
22. b3 c5 23. dxc5 d4 24. gxh4 dxe3 25. Nd3 bxc5 26. Bg2 Qa5 27. b4 Rab8 28.
Kc1 Rxb4 29. Qh5 Rb1+ 30. Kxb1 Qc3 31. Qxf7+ Kxf7 32. Ne5+ Kf8 33. Ng6+ Bxg6
34. Kc1 Qb2# 0-1

[Event "?"]
[Site "ICC 1 20 03/28/98, Internet C"]
[Date "1998.??.??"]
[Round "?"]
[White "Brause"]
[Black "WienerPartie"]
[Result "0-1"]
[WhiteElo "2490"]
[BlackElo "2565"]
[PlyCount "97"]

1. Nc3 Nf6 2. e4 e5 3. Nf3 Nc6 4. Nxe5 Nxe5 5. d4 Ng6 6. e5 Be7 7. Bc4 O-O 8.
exf6 Bxf6 9. Be3 c6 10. O-O d5 11. Bb3 Bf5 12. Re1 Qd7 13. Qd2 Rfe8 14. Bg5
Bxg5 15. Qxg5 a5 16. Na4 h6 17. Qg3 Re7 18. Qc3 Qc7 19. Rxe7 Qxe7 20. Re1 Qg5
21. Nc5 Qf6 22. a4 b6 23. Nd3 Qd6 24. Kh1 Qd7 25. Ne5 Nxe5 26. dxe5 Rd8 27. Qe3
c5 28. Rd1 d4 29. Qe2 Qc6 30. Qh5 Bg6 31. Qe2 Rc8 32. Qc4 Rc7 33. Kg1 Bf5 34.
Qa6 c4 35. Ba2 d3 36. cxd3 Qxa4 37. Qa8+ Bc8 38. Ra1 cxd3 39. Qd5 Qd7 40. Rd1
d2 41. Qf3 Qd4 42. Kf1 Bg4 43. Qa8+ Rc8 44. Bxf7+ Kh7 45. Qxc8 Bxc8 46. Bb3
Ba6+ 47. Kg1 Qxe5 48. Bc2+ g6 49. h4 0-1

[Event "?"]
[Site "ICC 15 0 01/28/98, Internet C"]
[Date "1998.??.??"]
[Round "?"]
[White "Brause"]
[Black "LaMaga"]
[Result "1-0"]
[WhiteElo "2295"]
[BlackElo "2140"]
[PlyCount "29"]

1. e4 e5 2. Nf3 Nc6 3. Nc3 Nf6 4. Nxe5 Nxe5 5. d4 Ng6 6. e5 Ng8 7. Bc4 d5 8.
Bxd5 Qe7 9. Qf3 Nh6 10. Bxb7 Rb8 11. Bxc8 Rxc8 12. Qb7 Rd8 13. Nd5 Qd7 14.
Nxc7+ Ke7 15. Qb4+ 1-0

[Event "?"]
[Site "ICC 20 30 01/16/98, Internet "]
[Date "1998.??.??"]
[Round "?"]
[White "Brause"]
[Black "Fuzz"]
[Result "1-0"]
[WhiteElo "2280"]
[BlackElo "2200"]
[PlyCount "63"]

1. e4 e5 2. Nf3 Nc6 3. Nc3 Nf6 4. Nxe5 Nxe5 5. d4 Nc6 6. d5 Ne5 7. f4 Ng6 8. e5
Ng8 9. d6 cxd6 10. exd6 Qf6 11. Nb5 Kd8 12. Be3 Nxf4 13. Qd2 Ne6 14. O-O-O g6
15. Re1 Bg7 16. Qa5+ b6 17. Bxb6+ Ke8 18. Bd4 Qf4+ 19. Be3 Qf5 20. Bc4 Be5 21.
Bxe6 dxe6 22. Nc7+ Kf8 23. Qa3 Bd7 24. Nxa8 Kg7 25. Rhf1 Qh5 26. Qxa7 Nf6 27.
Nc7 Bxd6 28. Rxf6 Kxf6 29. Bd4+ Ke7 30. Bxh8 Qf5 31. g3 h5 32. Rd1 1-0

[Event "?"]
[Site "ICC 2 1 02/20/98, Internet Ch"]
[Date "1998.??.??"]
[Round "?"]
[White "Brause"]
[Black "Cheops"]
[Result "1-0"]
[WhiteElo "2585"]
[BlackElo "2180"]
[PlyCount "33"]

1. e4 Nc6 2. Nf3 e5 3. Nc3 Nf6 4. Nxe5 Bc5 5. f4 O-O 6. Be2 Re8 7. d3 a6 8.
Nxc6 dxc6 9. Na4 Ba7 10. Rf1 h5 11. f5 Nxe4 12. dxe4 Qh4+ 13. g3 Qxh2 14. Qd3
Bxf5 15. Rxf5 Rad8 16. Qf3 Qg1+ 17. Bf1 1-0

[Event "?"]
[Site "ICC 2 1 02/20/98, Internet Ch"]
[Date "1998.??.??"]
[Round "?"]
[White "Brause"]
[Black "Cheops"]
[Result "1-0"]
[WhiteElo "2595"]
[BlackElo "2175"]
[PlyCount "29"]

1. e4 e5 2. Nf3 Nc6 3. Nc3 Nf6 4. Nxe5 Bc5 5. f4 O-O 6. Nxc6 dxc6 7. e5 Re8 8.
Bd3 Bg4 9. Be2 Qd4 10. Rf1 h5 11. exf6 Rxe2+ 12. Nxe2 Re8 13. c3 Qd3 14. Rf3
Bxf3 15. gxf3 1-0

[Event "?"]
[Site "ICC 2 1 03/10/98, Internet Ch"]
[Date "1998.??.??"]
[Round "?"]
[White "Brause"]
[Black "Cheops"]
[Result "1-0"]
[WhiteElo "2500"]
[BlackElo "2265"]
[PlyCount "21"]

1. e4 e5 2. Nf3 Nc6 3. Nc3 Nf6 4. Nxe5 Nxe5 5. d4 Ng6 6. e5 Ng8 7. Bc4 Bb4 8.
Qf3 Bxc3+ 9. bxc3 d5 10. Bxd5 Bg4 11. Qxf7# 1-0

[Event "?"]
[Site "ICC 2 1 03/02/98, Internet Ch"]
[Date "1998.??.??"]
[Round "?"]
[White "Brause"]
[Black "Cheops"]
[Result "1-0"]
[WhiteElo "2570"]
[BlackElo "2225"]
[PlyCount "69"]

1. e4 e5 2. Nf3 Nc6 3. Nc3 Nf6 4. Nxe5 Nxe5 5. d4 Ng6 6. e5 Ng8 7. Bc4 d6 8.
Qf3 Qd7 9. O-O dxe5 10. dxe5 c6 11. Re1 Qc7 12. Bg5 Be6 13. Bxe6 fxe6 14. Rad1
Be7 15. Bxe7 N8xe7 16. Rd6 Qc8 17. Rd2 Nf5 18. Qe4 O-O 19. Red1 Nfh4 20. Ne2
Qc7 21. Qb4 Qxe5 22. Qxb7 Rab8 23. Qxa7 Rxb2 24. Qa6 Qg5 25. Ng3 Rb4 26. Qxc6
Nf4 27. f3 Nd5 28. Qxe6+ Kh8 29. Rxd5 Qf4 30. Rd7 Nxg2 31. Kxg2 Qxf3+ 32. Kh3
Qf2 33. Rf1 Rh4+ 34. Kxh4 Qxh2+ 35. Qh3 1-0

[Event "?"]
[Site "ICC 2 1 04/10/98, Internet Ch"]
[Date "1998.??.??"]
[Round "?"]
[White "Brause"]
[Black "MarvinMartian"]
[Result "1-0"]
[WhiteElo "2485"]
[BlackElo "2140"]
[PlyCount "79"]

1. e4 e5 2. Nf3 Nc6 3. Nc3 Nf6 4. Nxe5 Nxe5 5. d4 Ng6 6. e5 Ng8 7. Bc4 Bb4 8.
Qf3 Qe7 9. O-O Bxc3 10. bxc3 Nh6 11. g3 O-O 12. Qh5 d5 13. Bxd5 Bg4 14. Qg5
Qxg5 15. Bxg5 c6 16. Bg2 Rfe8 17. Rfb1 Rab8 18. Rb4 Be6 19. Rab1 b6 20. Ra4 Bd5
21. Bxd5 cxd5 22. Bxh6 gxh6 23. Rxa7 Nf8 24. Rb5 Red8 25. f4 Ne6 26. f5 Ng5 27.
f6 Ne6 28. a4 Rdc8 29. Rxd5 Rxc3 30. Rdd7 Rf8 31. Rab7 Rxc2 32. Rxb6 Rd2 33.
Kh1 Ng5 34. Rb3 Rc8 35. Rc3 Rb8 36. Rb7 Rd8 37. h4 Ne4 38. Rd7 Re8 39. Rf3 Rc8
40. Kg1 1-0

[Event "?"]
[Site "ICC 2 1 04/10/98, Internet Ch"]
[Date "1998.??.??"]
[Round "?"]
[White "Brause"]
[Black "MarvinMartian"]
[Result "1-0"]
[WhiteElo "2490"]
[BlackElo "2140"]
[PlyCount "95"]

1. e4 e5 2. Nf3 Nc6 3. Nc3 Nf6 4. Nxe5 Nxe5 5. d4 Ng6 6. e5 Ng8 7. Bc4 Bb4 8.
Qf3 Qe7 9. O-O Bxc3 10. bxc3 Nh6 11. g3 O-O 12. Qh5 c6 13. Bxh6 gxh6 14. f4 d5
15. Bd3 Re8 16. f5 Qg5 17. Qxg5 hxg5 18. fxg6 hxg6 19. c4 Be6 20. cxd5 Bxd5 21.
c3 b5 22. a4 a6 23. Kf2 Kg7 24. Ke3 Rh8 25. Rf2 Rae8 26. axb5 axb5 27. Be4 Bxe4
28. Kxe4 Re6 29. Ra7 Rf8 30. Rc7 Kg8 31. Ra2 f5+ 32. Kf3 Rf7 33. Raa7 Rxc7 34.
Rxc7 g4+ 35. Kf4 Kf8 36. Kg5 Ke8 37. Rg7 c5 38. Rc7 cxd4 39. cxd4 b4 40. Rb7 b3
41. Rxb3 Kd7 42. Rb7+ Kc6 43. Rg7 Kd5 44. Rxg6 Re7 45. Kxf5 Kxd4 46. Kf6 Rh7
47. Rxg4+ Kd5 48. e6 1-0

[Event "?"]
[Site "ICC 2 1 04/10/98, Internet Ch"]
[Date "1998.??.??"]
[Round "?"]
[White "Brause"]
[Black "MarvinMartian"]
[Result "1-0"]
[WhiteElo "2495"]
[BlackElo "2135"]
[PlyCount "41"]

1. e4 e5 2. Nf3 Nc6 3. Nc3 Nf6 4. Nxe5 Nxe5 5. d4 Ng6 6. e5 Ng8 7. Bc4 Bb4 8.
Qf3 Qe7 9. O-O Nh6 10. Nd5 Qf8 11. Nxc7+ Kd8 12. Nxa8 Ba5 13. Bg5+ Ne7 14. Bxh6
gxh6 15. Bxf7 b5 16. a4 b4 17. Rfe1 Nc6 18. Qf6+ Ne7 19. d5 Bb7 20. d6 Bxa8 21.
dxe7+ 1-0

[Event "?"]
[Site "ICC 2 1 04/10/98, Internet Ch"]
[Date "1998.??.??"]
[Round "?"]
[White "Brause"]
[Black "MarvinMartian"]
[Result "1-0"]
[WhiteElo "2500"]
[BlackElo "2130"]
[PlyCount "37"]

1. e4 e5 2. Nf3 Nc6 3. Nc3 Nf6 4. Nxe5 Nxe5 5. d4 Ng6 6. e5 Ng8 7. Bc4 Bb4 8.
Qf3 Qe7 9. O-O Bxc3 10. bxc3 Nh6 11. g3 O-O 12. Qh5 d6 13. Bxh6 gxh6 14. f4
dxe5 15. f5 Nh8 16. f6 Qd7 17. Qxh6 Qg4 18. Bd3 Be6 19. Qxh7# 1-0

[Event "?"]
[Site "ICC 2 1 04/10/98, Internet Ch"]
[Date "1998.??.??"]
[Round "?"]
[White "Brause"]
[Black "MarvinMartian"]
[Result "1/2-1/2"]
[WhiteElo "2500"]
[BlackElo "2125"]
[PlyCount "92"]

1. e4 e5 2. Nf3 Nc6 3. Nc3 Nf6 4. Nxe5 Nxe5 5. d4 Ng6 6. e5 Ng8 7. Bc4 Bb4 8.
Qf3 Qe7 9. O-O Bxc3 10. bxc3 Nh6 11. g3 O-O 12. Qh5 d5 13. Bxd5 Bg4 14. Qg5 c6
15. Qxe7 Nxe7 16. Bg2 Nd5 17. Bd2 Rfe8 18. Bxd5 cxd5 19. Bxh6 gxh6 20. Rfb1 Re7
21. c4 Rd8 22. Rb5 dxc4 23. c3 b6 24. f4 Kg7 25. a4 Bd7 26. Rd5 Ree8 27. a5 b5
28. f5 Bc6 29. Rc5 Rc8 30. Re1 a6 31. e6 fxe6 32. fxe6 Kf6 33. Rce5 Ke7 34. Rh5
Rg8 35. d5 Bb7 36. Rxh6 Rg7 37. d6+ Kxd6 38. e7+ Kd7 39. Rb6 Bd5 40. Rxa6 Ke8
41. Ra7 Bc6 42. a6 Bd7 43. Rb7 Bc6 44. Ra7 Bd7 45. Rb7 Bc6 46. Ra7 Bd7 1/2-1/2

[Event "?"]
[Site "ICC 2 1 04/10/98, Internet Ch"]
[Date "1998.??.??"]
[Round "?"]
[White "Brause"]
[Black "MarvinMartian"]
[Result "1/2-1/2"]
[WhiteElo "2490"]
[BlackElo "2140"]
[PlyCount "91"]

1. e4 e5 2. Nf3 Nc6 3. Nc3 Nf6 4. Nxe5 Nxe5 5. d4 Ng6 6. e5 Ng8 7. Bc4 Bb4 8.
Qf3 Qe7 9. O-O Bxc3 10. bxc3 Nh6 11. g3 O-O 12. Bxh6 gxh6 13. Qh5 Qg5 14. Qf3
d5 15. exd6 cxd6 16. Rfe1 Rb8 17. Re3 h5 18. Rae1 h4 19. Qe4 Bf5 20. Qd5 h6 21.
Qxd6 h3 22. f4 Qd8 23. Qd5 Qxd5 24. Bxd5 b6 25. c4 Rbd8 26. c3 Kg7 27. Bf3 Bd7
28. c5 bxc5 29. d5 Rfe8 30. Rxe8 Rxe8 31. Rxe8 Bxe8 32. c4 Bd7 33. Kf2 Ne7 34.
Be4 Kf6 35. Bd3 Nc8 36. Be2 Nd6 37. Ke1 Bf5 38. a3 Kg6 39. Kd1 h5 40. Kc1 Bg4
41. Bd3+ Kf6 42. Kd2 Bf3 43. Ke3 Bg4 44. Kd2 Bf5 45. Be2 Bg4 46. Bd3 1/2-1/2

[Event "?"]
[Site "ICC 2 1 04/10/98, Internet Ch"]
[Date "1998.??.??"]
[Round "?"]
[White "Brause"]
[Black "MarvinMartian"]
[Result "1-0"]
[WhiteElo "2465"]
[BlackElo "2165"]
[PlyCount "41"]

1. e4 e5 2. Nf3 Nc6 3. Nc3 Nf6 4. Nxe5 Nxe5 5. d4 Ng6 6. e5 Ng8 7. Bc4 Bb4 8.
Qf3 Qe7 9. O-O Bxc3 10. bxc3 Nh6 11. Bxh6 gxh6 12. Qe3 Qg5 13. f4 Qh4 14. f5
Ne7 15. Rab1 Qg5 16. Qe4 c6 17. Rbd1 O-O 18. h4 d5 19. exd6 Bxf5 20. dxe7 Bxe4
21. exf8=Q+ 1-0

[Event "?"]
[Site "ICC 2 1 04/10/98, Internet Ch"]
[Date "1998.??.??"]
[Round "?"]
[White "Brause"]
[Black "MarvinMartian"]
[Result "1-0"]
[WhiteElo "2470"]
[BlackElo "2160"]
[PlyCount "77"]

1. e4 e5 2. Nf3 Nc6 3. Nc3 Nf6 4. Nxe5 Nxe5 5. d4 Ng6 6. e5 Ng8 7. Bc4 Bb4 8.
Qf3 Qe7 9. O-O Bxc3 10. bxc3 Nh6 11. g3 O-O 12. Qh5 d5 13. exd6 cxd6 14. Bxh6
gxh6 15. Rfb1 b6 16. Bd5 Rb8 17. Re1 Qg5 18. Qf3 h5 19. Re3 Bg4 20. Qg2 Rfe8
21. Rae1 Kf8 22. Bb3 Rxe3 23. Rxe3 Re8 24. Rxe8+ Kxe8 25. Qa8+ Qd8 26. Bxf7+
Ke7 27. Qxa7+ Kf6 28. Bd5 Ne7 29. Be4 h6 30. f3 Be6 31. Qa4 Qc7 32. Qe8 Bf7 33.
Qh8+ Ke6 34. Qxh6+ Kd7 35. Qh7 Qc4 36. Bd3 Qe6 37. Qe4 d5 38. Bb5+ Kd6 39. Qf4+
1-0

[Event "?"]
[Site "ICC 2 1 04/10/98, Internet Ch"]
[Date "1998.??.??"]
[Round "?"]
[White "Brause"]
[Black "MarvinMartian"]
[Result "1-0"]
[WhiteElo "2480"]
[BlackElo "2145"]
[PlyCount "73"]

1. e4 e5 2. Nf3 Nc6 3. Nc3 Nf6 4. Nxe5 Nxe5 5. d4 Ng6 6. e5 Ng8 7. Bc4 Bb4 8.
Qf3 Qe7 9. O-O Bxc3 10. bxc3 Nh6 11. Bxh6 gxh6 12. Qe3 O-O 13. Rab1 b6 14. Qe4
Rb8 15. Qd3 Bb7 16. f4 d5 17. exd6 Qxd6 18. f5 Ne7 19. Rbe1 Rbe8 20. Re5 Kh8
21. Rfe1 Bc6 22. Bb5 Bxb5 23. Qxb5 c6 24. Qe2 Qf6 25. Rxe7 Rxe7 26. Qxe7 Kg7
27. Qxa7 Qxf5 28. Qxb6 Qxc2 29. Qxc6 Qxa2 30. c4 Qd2 31. Qe4 f5 32. Qe5+ Rf6
33. d5 f4 34. c5 f3 35. gxf3 Kf7 36. Qe8+ Kg7 37. Re7+ 1-0

[Event "?"]
[Site "ICC 2 1 04/10/98, Internet Ch"]
[Date "1998.??.??"]
[Round "?"]
[White "Brause"]
[Black "MarvinMartian"]
[Result "0-1"]
[WhiteElo "2485"]
[BlackElo "2140"]
[PlyCount "158"]

1. e4 e5 2. Nf3 Nc6 3. Nc3 Nf6 4. Nxe5 Nxe5 5. d4 Ng6 6. e5 Ng8 7. Bc4 Bb4 8.
Qf3 Qe7 9. O-O Bxc3 10. Qxc3 Nh6 11. Bxh6 gxh6 12. Qa5 c6 13. Rae1 O-O 14. Qc3
d5 15. exd6 Qxd6 16. Re3 Be6 17. Rfe1 Bd5 18. Qb3 b6 19. Bxd5 cxd5 20. R3e2
Rad8 21. Qf3 Qf4 22. Qd3 Rd7 23. Qc3 Qd6 24. Qf3 Re7 25. Rxe7 Nxe7 26. Qe3 Ng6
27. Qb3 Rd8 28. Re3 Kg7 29. a4 Rd7 30. g3 Re7 31. Rxe7 Nxe7 32. Qe3 Qe6 33. Qf4
Ng6 34. Qf3 Qe4 35. Qxe4 dxe4 36. h4 Kf6 37. c4 Kf5 38. b4 h5 39. a5 Ne7 40.
axb6 axb6 41. b5 Ke6 42. f3 exf3 43. Kf2 Nf5 44. Kxf3 Nxd4+ 45. Ke4 Nf5 46. Kf4
Nd6 47. Kg5 Nxc4 48. Kxh5 Nd6 49. Kg4 Nxb5 50. Kf4 Nd6 51. g4 Kf6 52. Kf3 b5
53. Kf4 b4 54. Ke3 b3 55. Kd2 b2 56. Kc2 b1=Q+ 57. Kxb1 Ke5 58. h5 Kf4 59. h6
Kxg4 60. Kc2 f5 61. Kd3 f4 62. Ke2 Kg3 63. Kf1 f3 64. Kg1 Nf5 65. Kf1 Nxh6 66.
Kg1 Nf5 67. Kf1 Ne3+ 68. Ke1 f2+ 69. Ke2 f1=Q+ 70. Kxe3 Qf3+ 71. Kd4 Qf5 72.
Ke3 Qe5+ 73. Kd3 Kf3 74. Kc2 Qd4 75. Kb1 Qf2 76. Ka1 Ke3 77. Kb1 Kd3 78. Ka1
Kc3 79. Kb1 Qb2# 0-1

[Event "?"]
[Site "ICC 2 0 04/20/98, Internet Ch"]
[Date "1998.??.??"]
[Round "?"]
[White "Brause"]
[Black "Coolhand"]
[Result "1-0"]
[WhiteElo "2515"]
[BlackElo "1685"]
[PlyCount "53"]

1. e4 e5 2. Nf3 Nf6 3. Nc3 Nc6 4. Nxe5 d5 5. Nxc6 bxc6 6. exd5 Nxd5 7. Bd3 Nxc3
8. dxc3 Be7 9. Qf3 O-O 10. Qxc6 Be6 11. Qe4 g6 12. O-O Bf6 13. Bh6 Bg7 14. Bxg7
Kxg7 15. Qe5+ Kg8 16. Rad1 Qb8 17. b3 Qb6 18. Rfe1 Rae8 19. a3 f6 20. Qf4 Bd7
21. Bc4+ Kg7 22. Rxd7+ Kh8 23. Qh6 Rxe1+ 24. Bf1 Rxf1+ 25. Kxf1 Qb5+ 26. c4
Qxd7 27. Qxf8# 1-0